000 00595nam a2200241Ia 4500
003 OSt
005 20220918194155.0
006 a|||||r|||| 00| 0
007 ta
008 220917b |||||||| |||| 00| 0 eng d
024 _a78,123
037 _cTextual
040 _aARTS
_cARTS
_beng
041 _2eng
_aeng
082 _aS, J54-;1
100 _aWickens Delos D
_983821
245 0 _aPsychology
260 _c1955
650 _aPSYCHOLOGY
700 _a Meyer Donald R
_983822
942 _hS, J54-;1
_cTEXL
_2CC
999 _c201977
_d201977